000 00612nam a2200241 a 4500
001 nice12345678
003 IN_TiNIC
005 20260116011656.0
008 050524s1964 mada grp 000 0 eng
020 _a
_c4.25
082 0 0 _a227.1
_bHAR
100 _aHarris, W B
245 _aCommentary on the Epistle of St. Paul to the Romans.
260 _aMadras
_bChristian Literature Society
_c1964
300 _a284p
500 _aincludes index and biblioraphy
505 2 _aindex
650 _aBible N.T. Epistles Romans
700 1 _aHarris, W B
902 _bSRS
942 _cBK
999 _c3327
_d3327